000 00652nam a2200193 i 4500
001 150740
003 ES-MaACL
005 20230906203655.0
007 t|
008 071107s1944 lu ||||1| fre d
245 0 0 _aEtude sur la structure et les tendences de l'economie energetique dans les pays de la Communauté.
260 _a[Luxembourg? :
_bCommunauté Européenne du Charbon et de l'Acier,
_c1944?]
300 _a113 p. ;
_c25 cm.
490 1 _aEtudes et documents
710 2 _aComunidad Europea del Carbón y del Acero.
_93133
830 0 _aEtudes et documents
_9221162
852 _aES-MaACL
_jC-14972
_bR.42905
999 _c150740
_d150740